018210000a22003370004500003001100000008004100011040003900052041000800091082001300099245003500112260001300147300001000160650001900170650005400189650020700243650013800450650004200588650008200630650001400712650014700726650009700873650005400970650002601024650004301050650008401093650012801177650009901305650004001404650001501444700002401459LK-CoMWRAF230817t ||||| |||| 00| 0 eng d aLK-CoMWRAFdLK-CoMWRAFeLK-CoMWRAF aeng a440bDES aDescent-Based Discriminationb bac2004 ap.169 aAfrican Region aBuraku Discrimination and I by Shigeyuki Kumisaka aCaste Wars at the Sub-Commisssion on the Promotion and Protection of Human Rights: A commentary on the Sub-commission's on going examination of discrimination based on work and descent by Peter N. Prove aCERD General recommendation on Discrimination based on Descent: Contribution and Empowerment of affected communities by Atsuko Tanaka aDalit Women by Burnad Fathima Natesan aDiscrimination on the basis of race, Caste, Color and Religion by Bhagwan Das aEast Asia aEliminating discrimination based on descent: The role of the UN Sub-commission on the Protection and Promotion of Human Rights by Asbjorn Eide aExistence and Implications of Discrimination based on Descent in Africa by Alexander Stevens aICERD and Buraku Discrimination by Kenzo Tomonaga aInitiatives at the UN aJogini System by Mallela Grace Nirmala aMy Testimonial on the Watta Community of Northern Kenya by Ibrahim Kosi Galgalo aRace, Descent and Caste under the convention on the Elimination of all forms of racial Discrimination by Patrick Thornberry aRacial Discrimination based on Descent: A Challenge for all Human beings by Mario Jorge Yutzis aRegional or/and National Dimensions aSouth Asia aNakano,, Kenjieed.